000
00264nam a22001097a 4500
040
_c
HS
082
_a
307 ROB 1983 C086
100
_a
ROBERT CHAMBERS
245
_a
Rural development putting the last first
260
_a
New York
_b
ROBERT CHAMBERS
_c
1983
942
_c
EK
999
_c
11089
_d
11089